000 00443nam a22001937a 4500
003 MPLRDC
005 20220104114023.0
008 210129b ||||| |||| 00| 0 eng d
020 _a957-32-1912-3
082 _a857.8 XSG v.93
100 _a格非
245 _a相遇
_c
250 _a初版一刷
260 _a
_b远流出版公司
_c1993
300 _b
490 _a小说馆. 93
650 _a小说
942 _cBK
_o857.8 XSG v.93
999 _c4190
_d4180